000 00636nam a2200193Ia 4500
005 20260114185830.0
008 008 260114s9999 xx 000 0 eng d
020 _a9780755607709
037 _aEBOOK
040 _aCRL
_beng
_cCRL
041 _aeng
_2eng
084 _qCRL
100 _aDina Matar and Zahera Harb
_9874959
245 0 _aNarrating Conflict in the Middle East Discourse, Image and Communications Practices in Lebanon and Palestine
260 _bBloomsbury
_c2013
856 _uhttps://doi.org/10.5040/9780755607709?locatt=label:secondary_bloomsburyCollections
942 _cEBOOK
999 _c1473893
_d1473893